书目信息 |
| 题名: |
禁屋
|
|
| 作者: | 周浩晖 著 | |
| 分册: | ||
| 出版信息: | 北京 作家出版社 2015.8 |
|
| 页数: | 280页 | |
| 开本: | 21cm | |
| 丛书名: | 悬疑世界文库 | |
| 单 册: | ||
| 中图分类: | I247.7 | |
| 科图分类: | ||
| 主题词: | 推理小说--tui li xiao shui--中国--当代 , 中篇小说--zhong pian xiao shui--小说集--中国--当代 , 短篇小说--duan pian xiao shui--小说集--中国--当代 | |
| 电子资源: | ||
| ISBN: | 978-7-5063-7867-3 | |
| 000 | 01244nam 2200301 450 | |
| 001 | 0100004506 | |
| 005 | 20151127172547.3 | |
| 010 | @a978-7-5063-7867-3@dCNY35.00 | |
| 100 | @a20150813d2015 em y0chiy0121 ea | |
| 101 | 0 | @achi |
| 102 | @aCN@b110000 | |
| 105 | @ay z 000ay | |
| 106 | @ar | |
| 200 | 1 | @a禁屋@Ajin wu@f周浩晖著 |
| 210 | @a北京@c作家出版社@d2015.8 | |
| 215 | @a280页@d21cm | |
| 225 | 2 | @a悬疑世界文库@Axuan yi shi jie wen ku@i短悬疑@v01 |
| 300 | @a当红网剧《暗黑者》原著作者 | |
| 308 | @a本书为悬疑世界文库第016种 | |
| 330 | @a林娜一觉醒来, 发现自己身处已经搬离的出租屋内, 和她一起被关在里面的还有一名中年男子。屋子密闭, 绑架他们的神秘人只留下一部仅能接听不能拨打的电话和一张纸条。没有食物, 没有水源, 无法和外界联络……唯一的线索就是跟随电话的指示。随着时间的流逝, 林娜发现, 这个密室背后, 隐藏着怎样的秘密? 林娜又一次, 做出了让她悔之不及的决定。 | |
| 410 | 0 | @12001 @a悬疑世界文库@i短悬疑@v01 |
| 606 | 0 | @a推理小说@Atui li xiao shui@y中国@z当代 |
| 606 | 0 | @a中篇小说@Azhong pian xiao shui@x小说集@y中国@z当代 |
| 606 | 0 | @a短篇小说@Aduan pian xiao shui@x小说集@y中国@z当代 |
| 690 | @aI247.7@v5 | |
| 701 | 0 | @a周浩晖@Azhou hao hui@4著 |
| 801 | 0 | @aCN@c20160515 |
| 905 | @a河南城建学院图书馆@dI247.7@eZ762 | |
| 禁屋/周浩晖著.-北京:作家出版社,2015.8 |
| 280页;21cm.-(悬疑世界文库.短悬疑;01) |
| 当红网剧《暗黑者》原著作者 |
| ISBN 978-7-5063-7867-3:CNY35.00 |
| 林娜一觉醒来, 发现自己身处已经搬离的出租屋内, 和她一起被关在里面的还有一名中年男子。屋子密闭, 绑架他们的神秘人只留下一部仅能接听不能拨打的电话和一张纸条。没有食物, 没有水源, 无法和外界联络……唯一的线索就是跟随电话的指示。随着时间的流逝, 林娜发现, 这个密室背后, 隐藏着怎样的秘密? 林娜又一次, 做出了让她悔之不及的决定。 |
| ● |
| 相关链接 |
|
|
|
正题名:禁屋
索取号:I247.7/Z762
 
预约/预借
| 序号 | 登录号 | 条形码 | 馆藏地/架位号 | 状态 | 备注 |
| 1 | 1252946 | 212529469 | 文学库108/108文学库 63排2列3层/ [索取号:I247.7/Z762] | 在馆 | |
| 2 | 1252947 | 212529478 | 文学库108/108文学库 63排2列5层/ [索取号:I247.7/Z762] | 在馆 | |
| 3 | 1252948 | 212529487 | 文学库108/108文学库 63排2列5层/ [索取号:I247.7/Z762] | 在馆 |